| 000 | 00802nam a2200229 a 4500 | ||
|---|---|---|---|
| 001 | 000036690 | ||
| 005 | 20200930075857.0 | ||
| 008 | 120125s1977 sp 001 0 spa d | ||
| 020 | _a8424934830 | ||
| 082 |
_axxx _bJ54h |
||
| 100 | 1 |
_aJenofonte, _d434?-355 a. de J. C. _962972 |
|
| 245 | 1 | 0 |
_aHelénicas / _cJenofonte ; introducción, traducción y notas de Orlando Guntiñas Tuñón. |
| 260 |
_aMadrid : _bEditorial Gredos, _c1977. |
||
| 300 |
_a349 p. ; _c19 cm. |
||
| 490 | 1 |
_aBiblioteca clásica Gredos _v2 |
|
| 533 | _aPrimera reimpresión de febrero de 1985. | ||
| 500 | _aIncluye notas al pie de las páginas. | ||
| 500 | _aincluye índice de nombres propios. | ||
| 700 | 1 |
_aGuntiñas Tuñón, Orlando, _etr. _962980 |
|
| 830 | 0 |
_aBiblioteca clásica Gredos; _v2 _98642 |
|
| 999 |
_c36181 _d36181 |
||
| 040 | _aDO-SdBNP | ||